[Event "Padova Fornace op 4th"]
[Site "Padova"]
[Date "2001.12.23"]
[Round "6.28"]
[White "Arras, Antonio"]
[Black "Musiani, Carlo"]
[Result "1/2-1/2"]
[WhiteElo "1458"]
[BlackElo "1576"]
[PlyCount "59"]
[EventDate "2001.12.15"]
[EventType "swiss"]
[EventRounds "6"]
[EventCountry "ITA"]
[SourceTitle "EXT 2024"]
[Source "ChessBase"]
[SourceDate "2023.10.10"]
[SourceVersion "1"]
[SourceVersionDate "2023.10.10"]
[SourceQuality "1"]

1. e4 e6 2. Nf3 c5 3. d4 cxd4 4. Nxd4 Nc6 5. Be3 Nf6 6. Nc3 Bb4 7. f3 a6 8. Bd3 Qc7 9. 0-0 Nxd4 10. Bxd4 e5 11. Be3 Bxc3 12. bxc3 Qxc3 13. Bg5 Qc6 14. Qd2 h6 15. Bxf6 Qxf6 16. Qb4 d6 17. Bc4 0-0 18. Bd5 Qg6 19. Kh1 Rb8 20. Qb6 Qf6 21. Qa7 Be6 22. Bxb7 Qe7 23. Rab1 a5 24. a4 Qc7 25. Qb6 Qxc2 26. Qxa5 Bc8 27. Qa7 Bxb7 28. Rxb7 Ra8 29. Rc7 Qb2 30. Qg1 1/2-1/2

[Event "Padova Fornace op 4th"]
[Site "Padova"]
[Date "2001.12.23"]
[Round "5.22"]
[White "Musiani, Carlo"]
[Black "Goi, Veronika"]
[Result "0-1"]
[WhiteElo "1576"]
[BlackElo "1675"]
[PlyCount "40"]
[EventDate "2001.12.15"]
[EventType "swiss"]
[EventRounds "6"]
[EventCountry "ITA"]
[SourceTitle "EXT 2024"]
[Source "ChessBase"]
[SourceDate "2023.10.10"]
[SourceVersion "1"]
[SourceVersionDate "2023.10.10"]
[SourceQuality "1"]

1. d4 e6 2. Nf3 d5 3. e3 Nf6 4. Bd3 Nbd7 5. Nbd2 c5 6. c3 Bd6 7. 0-0 0-0 8. Qe2 Re8 9. e4 e5 10. dxc5 Nxc5 11. Bc2 Bg4 12. Re1 Qc7 13. Qf1 Rad8 14. exd5 e4 15. Ng5 Bxh2+ 16. Kh1 Nd3 17. Ngxe4 Nxe1 18. f3 Nxc2 19. Nxf6+ gxf6 20. Rb1 Re1 0-1

[Event "Padova op-B 3rd"]
[Site "Padova"]
[Date "2000.12.10"]
[Round "6.17"]
[White "Musiani, Carlo"]
[Black "Zanirato, Stefano"]
[Result "1/2-1/2"]
[WhiteElo "1458"]
[BlackElo "1683"]
[PlyCount "43"]
[EventDate "2000.12.02"]
[EventType "swiss"]
[EventRounds "6"]
[EventCountry "ITA"]
[SourceTitle "EXT 2024"]
[Source "ChessBase"]
[SourceDate "2023.10.10"]
[SourceVersion "1"]
[SourceVersionDate "2023.10.10"]
[SourceQuality "1"]

1. d4 Nf6 2. Nf3 e6 3. e3 d5 4. Bd3 Be7 5. 0-0 0-0 6. Re1 b6 7. c3 c5 8. Nbd2 Nc6 9. Qe2 c4 10. Bc2 Bb7 11. e4 dxe4 12. Nxe4 h6 13. Nxf6+ Bxf6 14. Qxc4 Ne7 15. Qd3 Ng6 16. Rxe6 Re8 17. Rxe8+ Qxe8 18. Bd2 Qd7 19. Re1 Re8 20. Rxe8+ Qxe8 21. h3 Qc8 22. Ne5 1/2-1/2

[Event "Venice Salvioli op"]
[Site "Venice Sanudo"]
[Date "2000.02.27"]
[Round "3.4"]
[White "Maggiorino, Francesco"]
[Black "Musiani, Carlo"]
[Result "1-0"]
[WhiteElo "1442"]
[BlackElo "1500"]
[PlyCount "95"]
[EventDate "2000.02.26"]
[EventType "swiss"]
[EventRounds "6"]
[EventCountry "ITA"]
[SourceTitle "EXT 2023"]
[Source "ChessBase"]
[SourceDate "2022.10.05"]
[SourceVersion "1"]
[SourceVersionDate "2022.10.05"]
[SourceQuality "1"]

1. e4 c5 2. Nf3 d6 3. d4 cxd4 4. Nxd4 Nf6 5. Nc3 a6 6. Bg5 Nbd7 7. Be2 e6 8. 0-0 Be7 9. Qd3 Ne5 10. Qd2 b5 11. f3 h6 12. Be3 Bd7 13. Nd1 Qc7 14. Nf2 Rc8 15. Rac1 Nc4 16. Bxc4 Qxc4 17. Qa5 0-0 18. Qa3 e5 19. b3 Qc3 20. Nd1 Qc7 21. Ne2 a5 22. c4 b4 23. Qb2 Nh7 24. f4 Bf6 25. f5 Bc6 26. Ng3 Qb7 27. Nf2 Ng5 28. Qc2 d5 29. exd5 Bxd5 30. Ng4 Be4 31. Nxf6+ gxf6 32. Qe2 Rcd8 33. Rcd1 Bc6 34. h4 Ne4 35. Nxe4 Bxe4 36. Bxh6 Kh7 37. Bxf8 Rxf8 38. Qh5+ Kg7 39. Rd2 Rh8 40. Qg4+ Kh7 41. Rd6 Rg8 42. Qh5+ Kg7 43. Rf2 Qa8 44. Rd7 Qe8 45. Rfd2 Bc6 46. Qg6+ Kf8 47. Qh6+ Rg7 48. Rd8 1-0

[Event "Padua Province-ch"]
[Site "Italy"]
[Date "2000.??.??"]
[Round "?"]
[White "Musiani, Carlo"]
[Black "Quaranta, Cristiano"]
[Result "0-1"]
[WhiteElo "1500"]
[BlackElo "1561"]
[PlyCount "46"]
[EventDate "2000.??.??"]
[EventType "swiss"]
[EventRounds "6"]
[EventCountry "ITA"]
[SourceTitle "EXT 2024"]
[Source "ChessBase"]
[SourceDate "2023.10.10"]
[SourceVersion "1"]
[SourceVersionDate "2023.10.10"]
[SourceQuality "1"]

1. e4 c5 2. Nf3 e6 3. d4 cxd4 4. Nxd4 a6 5. Nc3 Qc7 6. Be2 Nf6 7. Be3 Bb4 8. Qd3 Nxe4 9. Bd2 Nxd2 10. Qxd2 0-0 11. Bf3 d5 12. Nde2 Nd7 13. h4 Ne5 14. 0-0-0 Bc5 15. Nd4 Bd7 16. Be2 Qb6 17. f4 Nc4 18. Bxc4 dxc4 19. Rhe1 Rad8 20. Nf3 Bc6 21. Qe2 Qc7 22. Qxc4 Bxf3 23. Rxd8 Rxd8 0-1

[Event "Padova Province-chT 58th"]
[Site "Padova"]
[Date "1998.01.18"]
[Round "6"]
[White "Musiani, Carlo"]
[Black "Molena, Paolo"]
[Result "0-1"]
[WhiteElo "1300"]
[BlackElo "1507"]
[PlyCount "92"]
[EventDate "1998.01.10"]
[EventType "swiss"]
[EventRounds "6"]
[EventCountry "ITA"]
[SourceTitle "EXT 2022"]
[Source "ChessBase"]
[SourceDate "2021.10.06"]
[SourceVersion "1"]
[SourceVersionDate "2021.10.06"]
[SourceQuality "1"]

1. e4 a6 2. Bc4 e6 3. Nc3 b5 4. Bb3 Bb7 5. d4 b4 6. Nce2 Bxe4 7. f3 Bb7 8. Bf4 Nf6 9. Nh3 Be7 10. Ng3 c5 11. 0-0 0-0 12. Kh1 d5 13. dxc5 Bxc5 14. Qd3 Nbd7 15. Rae1 Bc6 16. Bg5 Bb5 17. c4 bxc3 18. Qxc3 Rc8 19. Ne2 Bf2 20. Qd2 Bxe1 21. Rxe1 Qb6 22. Nef4 Qd6 23. Qf2 Qc7 24. Qg3 Bc4 25. Bh6 Nh5 26. Qg5 Qd8 27. Nxh5 Qxg5 28. Bxg5 Bxb3 29. axb3 h6 30. Bd2 Rc2 31. Bc3 Rb8 32. b4 Nb6 33. Nxg7 Nc4 34. Rb1 Kh7 35. Nf4 e5 36. Nfh5 Kg6 37. Rd1 d4 38. Bxd4 exd4 39. h3 Rd8 40. Re1 d3 41. Re4 d2 42. Rg4+ Kh7 43. Nf6+ Kh8 44. Ngh5 d1Q+ 45. Kh2 Qd6+ 46. Kh1 Qd1+ 0-1

[Event "Padova Province-chT 58th"]
[Site "Padova"]
[Date "1998.01.11"]
[Round "3"]
[White "Porcelli, Domenico"]
[Black "Musiani, Carlo"]
[Result "1-0"]
[WhiteElo "1400"]
[BlackElo "1300"]
[PlyCount "35"]
[EventDate "1998.01.10"]
[EventType "swiss"]
[EventRounds "6"]
[EventCountry "ITA"]
[SourceTitle "EXT 2022"]
[Source "ChessBase"]
[SourceDate "2021.10.06"]
[SourceVersion "1"]
[SourceVersionDate "2021.10.06"]
[SourceQuality "1"]

1. d4 e6 2. Nc3 d5 3. Nf3 Nc6 4. Bf4 a6 5. e3 Bd7 6. Be2 Nf6 7. 0-0 Bb4 8. Qd3 Qe7 9. Bxc7 Rc8 10. Be5 Bxc3 11. bxc3 0-0 12. Ng5 g6 13. f4 Na5 14. a4 Bc6 15. Rf3 Ne4 16. Nxh7 Kxh7 17. Rh3+ Kg8 18. Rh8# 1-0

[Event "Padova Province-chT 58th"]
[Site "Padova"]
[Date "1998.01.10"]
[Round "1"]
[White "Quaranta, Gaetano"]
[Black "Musiani, Carlo"]
[Result "1-0"]
[WhiteElo "1522"]
[BlackElo "1300"]
[PlyCount "85"]
[EventDate "1998.01.10"]
[EventType "swiss"]
[EventRounds "6"]
[EventCountry "ITA"]
[SourceTitle "EXT 2022"]
[Source "ChessBase"]
[SourceDate "2021.10.06"]
[SourceVersion "1"]
[SourceVersionDate "2021.10.06"]
[SourceQuality "1"]

1. e4 c5 2. d4 cxd4 3. c3 dxc3 4. Nxc3 Nc6 5. Nf3 g6 6. Bc4 Bg7 7. 0-0 Qc7 8. Qe2 e6 9. Rd1 Nge7 10. Nb5 Qd8 11. Nd6+ Kf8 12. Ng5 Ne5 13. Bb3 Bf6 14. Bf4 Bxg5 15. Bxg5 Kg7 16. Rac1 f6 17. Bf4 Rf8 18. Qd2 Ng8 19. Bxe5 fxe5 20. Nxc8 Rxc8 21. Rxc8 Qxc8 22. Qxd7+ Qxd7 23. Rxd7+ Kf6 24. Rxb7 Rc8 25. g3 a5 26. Rxh7 Ne7 27. g4 Re8 28. Ba4 Rd8 29. g5+ Kxg5 30. Rxe7 Kg4 31. Kg2 Rd2 32. Rxe6 Kf4 33. Rxg6 Rxb2 34. Bb3 Kxe4 35. Ra6 Kf4 36. Rxa5 e4 37. Ra4 Ke5 38. Ra5+ Kd4 39. Ra4+ Kd3 40. Bc4+ Kc3 41. Bf1 e3 42. Ra3+ Kd4 43. Rxe3 1-0